Name the College Football Team: Ivy League - Statistics

General Stats
  • This quiz has been taken 48 times
  • The average score is 7 of 8
Answer Stats
Picture Answer % Correct
Harvard
100%
Princeton
100%
Yale
100%
Brown
95%
Cornell
93%
Pennsylvania
93%
Dartmouth
88%
Columbia
79%
No matching quizzes found
Score Distribution
Percent of People with Each Score
Percentile by Number Answered
Your Score History
You have not taken this quiz